BIBLIOTECA

SENCICO

Física : (Registro nro. 44)

Detalles MARC
000 -LEADER
fixed length control field 01027nam a2200253Ia 4500
003 - CONTROL NUMBER IDENTIFIER
control field PE SENCICO BE
005 - DATE AND TIME OF LATEST TRANSACTION
control field 20251020182423.0
008 - FIXED-LENGTH DATA ELEMENTS--GENERAL INFORMATION
fixed length control field 200515s9999 xx 000 0 und d
040 ## - CATALOGING SOURCE
Original cataloging agency PE SENCICO BE
Transcribing agency PE SENCICO BE
041 ## - LANGUAGE CODE
Language code of text/sound track or separate title spa
082 ## - DEWEY DECIMAL CLASSIFICATION NUMBER
Classification number 530.076
Item number R74
100 1# - MAIN ENTRY--PERSONAL NAME
Personal name Rodriguez Cárdenas, Mauro Efraín
9 (RLIN) 2109
Relator term autor
245 10 - TITLE STATEMENT
Title Física :
Remainder of title curso completo 1500 preguntas y problemas resueltos y propuestos /
Statement of responsibility, etc. Mauro Efraín Rodriguez Cárdenas
250 ## - EDITION STATEMENT
Edition statement 2a ed.
260 ## - PUBLICATION, DISTRIBUTION, ETC.
Place of publication, distribution, etc. Lima :
Name of publisher, distributor, etc. ALgoritmo ;
Date of publication, distribution, etc. 1986
300 ## - PHYSICAL DESCRIPTION
Extent 330 p. :
Other physical details graf. ;
Dimensions 20 cm.
490 ## - SERIES STATEMENT
Series statement Colección Algoritmo
505 0# - FORMATTED CONTENTS NOTE
Formatted contents note Unidades y magnitudes -- Estática, vectores y centro de gravedad -- Cinemática -- Dinámica -- Movimiento circular, movimiento armónico simple e hidrostática -- Calor -- Electrostática -- Electrodinámica -- Óptica -- Teoría de ondas -- Física nuclear
650 10 - SUBJECT ADDED ENTRY--TOPICAL TERM
Topical term or geographic name entry element Física
9 (RLIN) 74
650 20 - SUBJECT ADDED ENTRY--TOPICAL TERM
Topical term or geographic name entry element Estática
9 (RLIN) 165
650 20 - SUBJECT ADDED ENTRY--TOPICAL TERM
Topical term or geographic name entry element Cinemática
9 (RLIN) 163
650 20 - SUBJECT ADDED ENTRY--TOPICAL TERM
Topical term or geographic name entry element Electrodinámica
9 (RLIN) 2132
942 ## - ADDED ENTRY ELEMENTS (KOHA)
Koha item type Libros
Source of classification or shelving scheme Dewey Decimal Classification
Existencias
Fecha de la última vez que lo usaron Número de ingreso o de inventario Pago total Signatura topográfica completa Código de barras Precio efectivo desde Tipo de documento Estado perdido Sistema de clasificación Estado dañado No es para préstamo Retirado Ubicación permanente Ubicación actual Fecha de adquisición
15/05/2020 12485   530.076/R74/1986 BibLima24040061 15/05/2020 Libros   Dewey Decimal Classification       Biblioteca Central Lima Biblioteca Central Lima 15/05/2020
15/05/2020 12486   530.076/R74/1986/ej. 2 BibLima24040062 15/05/2020 Libros   Dewey Decimal Classification       Biblioteca Central Lima Biblioteca Central Lima 15/05/2020